Antiikin kreikan jumalia - Statistics

Yleistilastot
  • Tätä visaa on pelattu 180 kertaa
  • Keskiarvotulos 8 / 15
Vastaustilastot
Hint Vastaus % Oikein
Ylijumala Zeus
100%
Meren, maanjäristyksen ja hevosten jumala Poseidon
83%
Manalan jumala ja kuolleiden hallitsija Haades
78%
Rakkauden jumalatar Afrodite
75%
Avioliiton, naisten ja valtakuntien jumalatar Hera
69%
Sodan ja väkivallan jumala Ares
63%
Jumalten sanansaattaja, kaupan, tieteen, varastamisen ja lääkäreiden jumala Hermes
54%
Viisauden, taiteen ja sotataidon jumalatar Athene
44%
Auringon jumala Apollon
40%
Sateenkaaren jumalatar Iris
31%
Viljan ja kasvun jumalatar Demeter
29%
Unen jumala Hypnos
26%
Kuun jumalatar Selene
21%
Kasvillisuuden jumalatar Persefone
20%
Oikeudenmukaisuuden, koston ja tasapainon jumala Nemesis
19%
Ehtoja vastaavia visoja ei löytynyt
Tulosjakauma
Jokaisen tuloksen saaneiden osuus
Persentiili vastausten määrän mukaan
Tuloshistoriasi
Et ole pelannut tätä visaa